[Event "Titled Tuesday intern op 26th Sep Late"]
[Site "Chess.com INT"]
[Date "2023.09.26"]
[Round "1"]
[White "Ghevondyan, Arman"]
[Black "Kopacz, Grzegorz"]
[Result "1-0"]
[WhiteElo "2216"]
[BlackElo "1997"]
[PlyCount "99"]
[EventDate "2023.09.26"]
[EventType "swiss (blitz)"]
[EventRounds "11"]
[EventCountry "USA"]
[SourceTitle "EXT 2024"]
[Source "ChessBase"]
[SourceDate "2023.10.10"]
[SourceVersion "1"]
[SourceVersionDate "2023.10.10"]
[SourceQuality "1"]

1. Nf3 c5 2. g3 Nc6 3. d4 cxd4 4. Nxd4 g6 5. Bg2 Bg7 6. Nb3 Nf6 7. 0-0 0-0 8. c4 d6 9. Nc3 Be6 10. Nd5 Bxd5 11. cxd5 Ne5 12. Be3 a6 13. Bd4 Ned7 14. Rc1 Rc8 15. Qd2 Rxc1 16. Rxc1 Qb8 17. h3 Rc8 18. Kh2 Rxc1 19. Qxc1 Ne8 20. Bxg7 Kxg7 21. Qe3 Kf8 22. h4 Nef6 23. Bf3 Ne5 24. Kg2 Qc8 25. Na5 Qc7 26. b4 Nxf3 27. Qxf3 Qb6 28. a3 h5 29. Qd3 Qc7 30. f3 Kg7 31. Nc4 b5 32. Na5 Qc1 33. Nc6 Kf8 34. Na5 Kg7 35. Nb3 Qc4 36. Qxc4 bxc4 37. Nd4 Nxd5 38. e4 Nc3 39. Kf2 Nb5 40. Nc2 Kf6 41. Ke3 e6 42. a4 Nc7 43. Kd4 d5 44. e5+ Ke7 45. f4 Kd7 46. Kc5 Kc8 47. Kc6 d4 48. Nxd4 Nd5 49. Kc5 c3 50. Kc4 1-0

[Event "Titled Tuesday intern op 11th Jul Early"]
[Site "Chess.com INT"]
[Date "2023.07.11"]
[Round "8"]
[White "Kopacz, Grzegorz"]
[Black "Hartikainen, Jarmo"]
[Result "1-0"]
[WhiteElo "1997"]
[BlackElo "2108"]
[PlyCount "63"]
[EventDate "2023.07.11"]
[EventType "swiss (blitz)"]
[EventRounds "11"]
[EventCountry "USA"]
[SourceTitle "EXT 2024"]
[Source "ChessBase"]
[SourceDate "2023.10.10"]
[SourceVersion "1"]
[SourceVersionDate "2023.10.10"]
[SourceQuality "1"]

1. d4 Nf6 2. c4 g6 3. Nc3 d5 4. cxd5 Nxd5 5. e4 Nxc3 6. bxc3 Bg7 7. Nf3 0-0 8. Be2 c5 9. Be3 Nc6 10. 0-0 b6 11. d5 Na5 12. c4 e6 13. Qd2 exd5 14. exd5 Bd7 15. Bh6 Qf6 16. Rad1 Rfe8 17. Bg5 Qc3 18. Bd3 Nb7 19. Qf4 f6 20. Qc7 Ba4 21. Bd2 Qxd3 22. Bh6 Bxh6 23. Rxd3 Na5 24. Qg3 Rad8 25. Qh4 Bg7 26. d6 Bd7 27. Qf4 Nc6 28. Qd2 f5 29. Re1 Rxe1+ 30. Qxe1 Re8 31. Re3 Rxe3 32. Qxe3 1-0

[Event "Titled Tuesday intern op 27th Jun Late"]
[Site "Chess.com INT"]
[Date "2023.06.27"]
[Round "4"]
[White "Lee, Linden"]
[Black "Kopacz, Grzegorz"]
[Result "1-0"]
[WhiteElo "2191"]
[BlackElo "1997"]
[PlyCount "105"]
[EventDate "2023.06.27"]
[EventType "swiss (blitz)"]
[EventRounds "11"]
[EventCountry "USA"]
[SourceTitle "EXT 2024"]
[Source "ChessBase"]
[SourceDate "2023.10.10"]
[SourceVersion "1"]
[SourceVersionDate "2023.10.10"]
[SourceQuality "1"]

1. e4 c5 2. Nf3 Nc6 3. c3 d5 4. exd5 Qxd5 5. d4 Bg4 6. Be2 cxd4 7. cxd4 e6 8. Nc3 Qa5 9. 0-0 Nf6 10. h3 Bh5 11. Be3 Bd6 12. Qb3 Qc7 13. Nb5 Qb8 14. Nxd6+ Qxd6 15. Rac1 0-0 16. Qxb7 Nb4 17. a3 Nbd5 18. Rc6 Rab8 19. Qa6 Qd8 20. b4 Rb6 21. Rxb6 axb6 22. Rc1 Qa8 23. Qd3 Bg6 24. Qb3 h6 25. Ne5 Bf5 26. Bf3 Qa6 27. b5 Qa5 28. Nc6 Qa8 29. Ne7+ Kh8 30. Nxf5 exf5 31. Rc6 Qd8 32. Qc4 Nxe3 33. fxe3 Ne4 34. Bxe4 fxe4 35. a4 Qg5 36. Qc3 f5 37. Rc8 Rxc8 38. Qxc8+ Kh7 39. Qc1 Qd8 40. Qf1 Qd5 41. Qf4 Kg6 42. Kh2 Kf6 43. Qc7 Qe6 44. Qd8+ Kf7 45. a5 bxa5 46. Qxa5 f4 47. Qc7+ Kg8 48. Qxf4 g5 49. Qe5 Qa2 50. b6 Qb1 51. Qb8+ Kh7 52. Qc7+ Kg8 53. b7 1-0

[Event "Titled Tuesday intern op 27th Jun Late"]
[Site "Chess.com INT"]
[Date "2023.06.27"]
[Round "2"]
[White "Reprintsev, Alexander"]
[Black "Kopacz, Grzegorz"]
[Result "1-0"]
[WhiteElo "2238"]
[BlackElo "1997"]
[PlyCount "97"]
[EventDate "2023.06.27"]
[EventType "swiss (blitz)"]
[EventRounds "11"]
[EventCountry "USA"]
[SourceTitle "EXT 2024"]
[Source "ChessBase"]
[SourceDate "2023.10.10"]
[SourceVersion "1"]
[SourceVersionDate "2023.10.10"]
[SourceQuality "1"]

1. e4 c5 2. b3 e5 3. Bb2 d6 4. f4 Nc6 5. Bb5 exf4 6. Qf3 Nf6 7. Qxf4 Be7 8. Nf3 0-0 9. Bxc6 bxc6 10. d3 h6 11. Nbd2 Be6 12. 0-0 d5 13. Rae1 d4 14. Nc4 Ng4 15. h3 Bxc4 16. Qxg4 Be6 17. Qg3 Bd6 18. Qf2 Qc7 19. e5 Be7 20. Nd2 Bg5 21. Kh1 Qe7 22. Ne4 Be3 23. Rxe3 dxe3 24. Qxe3 Bd5 25. Qxc5 Qxc5 26. Nxc5 Rfe8 27. c4 Be6 28. Kg1 Red8 29. Kf2 g6 30. Ke3 Kg7 31. d4 Bf5 32. g4 Bc8 33. Bc3 h5 34. Ba5 Re8 35. gxh5 Bxh3 36. h6+ Kxh6 37. Rh1 Kg5 38. Rxh3 f5 39. Kf3 Rh8 40. Bd2+ f4 41. Bxf4+ Kf5 42. Rg3 Rh5 43. Ne4 Rah8 44. Nd6+ Ke6 45. Rxg6+ Kd7 46. Ke4 Rh4 47. Rg7+ Ke6 48. d5+ cxd5+ 49. cxd5# 1-0

[Event "Titled Tuesday intern op 20th Jun Late"]
[Site "Chess.com INT"]
[Date "2023.06.20"]
[Round "4"]
[White "Kopacz, Grzegorz"]
[Black "Balla, Tamas Kristof"]
[Result "0-1"]
[WhiteElo "1997"]
[BlackElo "2303"]
[PlyCount "94"]
[EventDate "2023.06.20"]
[EventType "swiss (blitz)"]
[EventRounds "11"]
[EventCountry "USA"]
[SourceTitle "EXT 2024"]
[Source "ChessBase"]
[SourceDate "2023.10.10"]
[SourceVersion "1"]
[SourceVersionDate "2023.10.10"]
[SourceQuality "1"]

1. e4 c5 2. Nf3 Nc6 3. d4 cxd4 4. Nxd4 e5 5. Nb5 d6 6. N1c3 a6 7. Na3 b5 8. Nd5 Nge7 9. c4 Nxd5 10. exd5 Nd4 11. cxb5 Bd7 12. bxa6 Qa5+ 13. Bd2 Qxd5 14. Rc1 Be7 15. f3 Bh4+ 16. g3 Nxf3+ 17. Kf2 Nxd2 18. Bg2 Qd4+ 19. Ke1 Qe3+ 20. Qe2 Nf3+ 21. Bxf3 Qxc1+ 22. Kf2 Qc5+ 23. Kg2 Bc6 24. gxh4 0-0 25. Rf1 e4 26. Bg4 f5 27. Bh3 f4 28. Qc4+ Qxc4 29. Nxc4 e3+ 30. Kg1 e2 31. Re1 f3 32. Kf2 Rxa6 33. Nxd6 Bd5 34. Nf5 Be6 35. Ne7+ Kh8 36. Bxe6 Rxe6 37. Nd5 Rd6 38. Ne3 Rd2 39. b4 Rxa2 40. Rb1 h6 41. b5 e1Q+ 42. Kxe1 Re2+ 43. Kf1 Rxe3 44. b6 Rb8 45. b7 Re7 46. Kf2 Rexb7 47. Kxf3 Rxb1 0-1

[Event "Titled Tuesday intern op 20th Jun Late"]
[Site "Chess.com INT"]
[Date "2023.06.20"]
[Round "10"]
[White "White, John S"]
[Black "Kopacz, Grzegorz"]
[Result "0-1"]
[WhiteElo "2235"]
[BlackElo "1997"]
[PlyCount "76"]
[EventDate "2023.06.20"]
[EventType "swiss (blitz)"]
[EventRounds "11"]
[EventCountry "USA"]
[SourceTitle "EXT 2024"]
[Source "ChessBase"]
[SourceDate "2023.10.10"]
[SourceVersion "1"]
[SourceVersionDate "2023.10.10"]
[SourceQuality "1"]

1. e4 c5 2. Nf3 e6 3. d4 cxd4 4. Nxd4 Nf6 5. Nc3 Nc6 6. Be3 Bb4 7. Ndb5 Nxe4 8. a3 Bxc3+ 9. bxc3 0-0 10. Qd3 d5 11. Be2 a6 12. Nd4 Ne5 13. Qd1 Nxc3 14. Qc1 Nxe2 15. Nxe2 Nc4 16. Bd4 Qa5+ 17. Bc3 Qc7 18. 0-0 b5 19. Qg5 e5 20. Ng3 f6 21. Qh4 d4 22. Bb4 Rf7 23. f4 Ne3 24. Rf2 a5 25. Be1 exf4 26. Rxf4 Qxc2 27. Rf2 Qc4 28. Ne4 Ra6 29. Bd2 Bb7 30. Rc1 Qd5 31. Nc5 Rc6 32. Nxb7 Rxc1+ 33. Bxc1 Rxb7 34. Rd2 Rd7 35. Qh3 Nc4 36. Re2 Rd8 37. Qg4 d3 38. Re6 Qd4+ 0-1

[Event "Titled Tuesday intern op 09th May Late"]
[Site "Chess.com INT"]
[Date "2023.05.09"]
[Round "1"]
[White "Kopacz, Grzegorz"]
[Black "Filgueira, Hernan"]
[Result "0-1"]
[WhiteElo "1997"]
[BlackElo "2283"]
[PlyCount "88"]
[EventDate "2023.05.09"]
[EventType "swiss (blitz)"]
[EventRounds "11"]
[EventCountry "USA"]
[SourceTitle "CBM 214 Extra"]
[Source "ChessBase"]
[SourceDate "2023.07.31"]
[SourceVersion "1"]
[SourceVersionDate "2023.07.31"]
[SourceQuality "1"]

1. d4 d5 2. c4 c6 3. cxd5 cxd5 4. Nc3 Nc6 5. Bf4 Nf6 6. Nf3 e6 7. e3 Be7 8. Bd3 0-0 9. 0-0 Bd7 10. Rc1 Qa5 11. a3 Rfc8 12. h3 Be8 13. Ne5 Nd7 14. Nxc6 bxc6 15. Qh5 g6 16. Qf3 Bf8 17. h4 Bg7 18. h5 e5 19. dxe5 Nxe5 20. Bxe5 Bxe5 21. hxg6 hxg6 22. e4 d4 23. Ne2 Qd8 24. Rc5 Qe7 25. Rfc1 a5 26. Qg4 a4 27. Bc4 Kg7 28. Bd3 Bd7 29. Qf3 Rh8 30. g3 Rh6 31. Bc4 Rah8 32. Kf1 Bd6 33. Ra5 Be8 34. e5 Bxe5 35. Rxa4 c5 36. Ra8 Rh1+ 37. Ng1 Bf6 38. Ra6 Bd7 39. g4 R8h3 40. Qf4 Bg5 41. Qc7 Bxc1 42. Ra7 Qe4 43. Qxd7 Rxg1+ 44. Kxg1 Rh1# 0-1

[Event "Titled Tuesday intern op 02nd May Early"]
[Site "Chess.com INT"]
[Date "2023.05.02"]
[Round "6"]
[White "Necula, Iulian"]
[Black "Kopacz, Grzegorz"]
[Result "1/2-1/2"]
[WhiteElo "1851"]
[BlackElo "1997"]
[PlyCount "149"]
[EventDate "2023.05.02"]
[EventType "swiss (blitz)"]
[EventRounds "11"]
[EventCountry "USA"]
[SourceTitle "EXT 2024"]
[Source "ChessBase"]
[SourceDate "2023.10.10"]
[SourceVersion "1"]
[SourceVersionDate "2023.10.10"]
[SourceQuality "1"]

1. d4 Nf6 2. Nc3 d5 3. Bf4 e6 4. Nb5 Na6 5. e3 c6 6. Nc3 Bd6 7. Nf3 0-0 8. Ne5 Nc7 9. g4 c5 10. Qf3 cxd4 11. exd4 Nd7 12. Bd3 Bxe5 13. dxe5 Re8 14. Qh3 Nf8 15. 0-0-0 b5 16. Nxb5 Nxb5 17. Bxb5 Bd7 18. Bd3 Qb6 19. Be3 Qa5 20. a3 Bb5 21. Bd2 Qa6 22. Bb4 Bxd3 23. Qxd3 Qxd3 24. Rxd3 Ng6 25. Bc3 Rec8 26. Rf1 Rc4 27. b3 Rxg4 28. h3 Rg2 29. f4 h5 30. f5 exf5 31. Rxf5 h4 32. Rxd5 Rg3 33. Rd3 Rc8 34. Kb2 Re8 35. b4 Kh7 36. a4 Kh6 37. b5 Rb8 38. Bd4 Rb7 39. Rff3 Rxf3 40. Rxf3 Kg5 41. Kb3 Nf4 42. c4 Ne2 43. Bb2 Ng1 44. Rd3 Ne2 45. c5 Nf4 46. Rf3 Ne6 47. c6 Rc7 48. Rd3 Kf4 49. Rd7 Kg3 50. Rxc7 Nxc7 51. Kc4 Kxh3 52. Kc5 Ne6+ 53. Kd6 Kg2 54. Ke7 h3 55. Kxf7 Nc7 56. e6 h2 57. Be5 h1Q 58. Bxc7 Qf1+ 59. Ke8 Qa1 60. e7 Qxa4 61. Kd7 Qd4+ 62. Bd6 Qg4+ 63. Kd8 Qa4 64. e8Q Qxb5 65. Qe4+ Kg1 66. Qg4+ Kf1 67. Qf3+ Kg1 68. Qg3+ Kf1 69. Qh3+ Ke1 70. Qg3+ Kf1 71. Qf3+ Kg1 72. Qe3+ Kf1 73. Qf4+ Kg1 74. Qg4+ Kf1 75. Qf3+ 1/2-1/2

[Event "Titled Tuesday intern op 02nd May Early"]
[Site "Chess.com INT"]
[Date "2023.05.02"]
[Round "10"]
[White "Srdanovic, Jovana"]
[Black "Kopacz, Grzegorz"]
[Result "1/2-1/2"]
[WhiteElo "2058"]
[BlackElo "1997"]
[PlyCount "130"]
[EventDate "2023.05.02"]
[EventType "swiss (blitz)"]
[EventRounds "11"]
[EventCountry "USA"]
[SourceTitle "EXT 2024"]
[Source "ChessBase"]
[SourceDate "2023.10.10"]
[SourceVersion "1"]
[SourceVersionDate "2023.10.10"]
[SourceQuality "1"]

1. d4 Nf6 2. c4 g6 3. Nc3 Bg7 4. e4 d6 5. h3 0-0 6. Be3 Nbd7 7. g4 e5 8. d5 h5 9. f3 b6 10. Qd2 Nc5 11. 0-0-0 a5 12. Nge2 a4 13. Kb1 Bd7 14. Nc1 Qc8 15. Nd3 Qa6 16. Nb4 Qa5 17. Nc2 a3 18. b4 Qa6 19. bxc5 bxc5 20. Ka1 Rfb8 21. Nb5 Ne8 22. gxh5 f5 23. Bh6 Bf6 24. exf5 e4+ 25. Nbd4 cxd4 26. Nxd4 Rb2 27. Qc3 Qa4 28. Rc1 exf3 29. Bd3 Qa7 30. Be3 Qb7 31. Rhg1 Be5 32. Rxg6+ Kh8 33. Rh6+ Kg8 34. Rg6+ Kh8 35. Rgg1 Rb8 36. f6 Nxf6 37. Bg5 Qb6 38. Be3 Qb4 39. Qxb4 R8xb4 40. Rb1 Rxb1+ 41. Rxb1 Rxb1+ 42. Kxb1 Bxh3 43. Nxf3 Bg4 44. Nxe5 dxe5 45. Kc2 Bxh5 46. Kb3 e4 47. Bc2 Bf3 48. Bd4 Kg7 49. Kxa3 Kf7 50. Bxf6 Kxf6 51. Kb3 Ke5 52. Kc3 e3 53. Bd3 Kd6 54. Kc2 Kc5 55. a4 e2 56. Kd2 c6 57. dxc6 Kxc6 58. Bxe2 Be4 59. Kc3 Kc5 60. Bd3 Bb7 61. a5 Ba6 62. Bc2 Bxc4 63. Bb3 Bxb3 64. Kxb3 Kb5 65. a6 Kxa6 1/2-1/2

[Event "Titled Tuesday intern op 11th Apr Late"]
[Site "Chess.com INT"]
[Date "2023.04.11"]
[Round "2"]
[White "Araujo Sanchez, Josue"]
[Black "Kopacz, Grzegorz"]
[Result "1-0"]
[WhiteElo "2303"]
[BlackElo "1997"]
[PlyCount "95"]
[EventDate "2023.04.11"]
[EventType "swiss (blitz)"]
[EventRounds "11"]
[EventCountry "USA"]
[SourceTitle "CBM 213 Extra"]
[Source "ChessBase"]
[SourceDate "2023.05.31"]
[SourceVersion "1"]
[SourceVersionDate "2023.05.31"]
[SourceQuality "1"]

1. d4 Nf6 2. Nf3 g6 3. e3 d5 4. Be2 Bg7 5. 0-0 0-0 6. b3 c5 7. Bb2 cxd4 8. Nxd4 Nc6 9. Nd2 Bf5 10. Nxf5 gxf5 11. Nf3 e6 12. a3 Rc8 13. Rc1 Qb6 14. b4 Ne4 15. Bxg7 Kxg7 16. c4 dxc4 17. Bxc4 Rfd8 18. Qe2 a6 19. g3 Rd7 20. Bd3 Nf6 21. Rfe1 Rcd8 22. Bb1 Ne7 23. e4 fxe4 24. Bxe4 Nxe4 25. Qxe4 Ng6 26. h4 Qb5 27. Rc5 Qd3 28. h5 Qxe4 29. Rxe4 Ne7 30. Rg5+ Kf8 31. Kg2 Rd5 32. Rf4 h6 33. Re5 Nc6 34. Rxe6 Rxh5 35. Ref6 Rd7 36. g4 Rhd5 37. Rxh6 Ke7 38. Rh7 Nd8 39. Nh4 Rd3 40. Rh6 Ne6 41. Nf5+ Kd8 42. Rc4 R7d5 43. Rh8+ Kd7 44. Rb8 b5 45. Rb7+ Ke8 46. Rc8+ Rd8 47. Rxd8+ Rxd8 48. Ra7 1-0

[Event "Titled Tuesday intern op 11th Apr Late"]
[Site "Chess.com INT"]
[Date "2023.04.11"]
[Round "6"]
[White "Oliveira, Tiago Batista"]
[Black "Kopacz, Grzegorz"]
[Result "0-1"]
[WhiteElo "1991"]
[BlackElo "1997"]
[PlyCount "74"]
[EventDate "2023.04.11"]
[EventType "swiss (blitz)"]
[EventRounds "11"]
[EventCountry "USA"]
[SourceTitle "CBM 213 Extra"]
[Source "ChessBase"]
[SourceDate "2023.05.31"]
[SourceVersion "1"]
[SourceVersionDate "2023.05.31"]
[SourceQuality "1"]

1. d4 Nf6 2. c4 c5 3. d5 b5 4. cxb5 a6 5. bxa6 Bxa6 6. g3 d6 7. Bg2 g6 8. Nf3 Bg7 9. 0-0 0-0 10. Nc3 Nbd7 11. Qc2 Qb6 12. Rd1 Rfb8 13. Rb1 Ng4 14. Bg5 Kf8 15. Qe4 Ngf6 16. Qh4 Kg8 17. e4 Qb4 18. Bh6 Bh8 19. Bd2 Qb6 20. Ng5 Bd3 21. Bh3 Nf8 22. Nxf7 Kxf7 23. Rbc1 Qxb2 24. Bh6 c4 25. Bxf8 Kxf8 26. Be6 Qb6 27. Rd2 Qd4 28. Ne2 Qe5 29. f4 Qh5 30. Qxh5 Nxh5 31. Nc3 Bxc3 32. Rxc3 Rb1+ 33. Kg2 Ng7 34. Kf3 Nxe6 35. dxe6 Kg7 36. Ke3 Kf6 37. Kd4 Ra5 0-1

[Event "Titled Tuesday intern op 27th Dec Late"]
[Site "Chess.com INT"]
[Date "2022.12.27"]
[Round "5"]
[White "Fernandez Garcia, Gumersindo"]
[Black "Kopacz, Grzegorz"]
[Result "1-0"]
[WhiteElo "2172"]
[BlackElo "2083"]
[PlyCount "81"]
[EventDate "2022.12.27"]
[EventType "swiss (blitz)"]
[EventRounds "11"]
[EventCountry "USA"]
[SourceTitle "EXT 2024"]
[Source "ChessBase"]
[SourceDate "2023.10.10"]
[SourceVersion "1"]
[SourceVersionDate "2023.10.10"]
[SourceQuality "1"]

1. e4 e6 2. d4 d5 3. Bd3 dxe4 4. Bxe4 Nf6 5. Bf3 Be7 6. Ne2 0-0 7. 0-0 c5 8. Be3 cxd4 9. Nxd4 Qa5 10. Nb3 Qc7 11. Nc3 a6 12. Qe2 Nc6 13. g3 e5 14. Na4 Bh3 15. Rfd1 e4 16. Bh1 Bg4 17. f3 exf3 18. Bxf3 Bxf3 19. Qxf3 Ne5 20. Qg2 Nc4 21. Bf4 Qc8 22. Re1 Re8 23. Rab1 b5 24. Nc3 Nxb2 25. Nd5 Bc5+ 26. Kh1 Ng4 27. Rxe8+ Qxe8 28. Nxc5 Rc8 29. Ne4 Nc4 30. h3 Nge5 31. Re1 Qe6 32. Ne3 Nxe3 33. Rxe3 f6 34. Ng5 Qxa2 35. Re2 Qb1+ 36. Kh2 Qd1 37. Bxe5 fxe5 38. Nf3 e4 39. Ne1 Qd4 40. Qxe4 Qd1 41. Qe6+ 1-0

[Event "Titled Tuesday intern op 27th Dec Late"]
[Site "Chess.com INT"]
[Date "2022.12.27"]
[Round "4"]
[White "White, John S"]
[Black "Kopacz, Grzegorz"]
[Result "0-1"]
[WhiteElo "2235"]
[BlackElo "2083"]
[PlyCount "62"]
[EventDate "2022.12.27"]
[EventType "swiss (blitz)"]
[EventRounds "11"]
[EventCountry "USA"]
[SourceTitle "EXT 2024"]
[Source "ChessBase"]
[SourceDate "2023.10.10"]
[SourceVersion "1"]
[SourceVersionDate "2023.10.10"]
[SourceQuality "1"]

1. e4 e6 2. d4 d5 3. Nc3 Bb4 4. e5 Ne7 5. a3 Bxc3+ 6. bxc3 c5 7. Nf3 Qc7 8. Bd2 Nbc6 9. Be2 c4 10. 0-0 Bd7 11. Ne1 0-0-0 12. f4 h6 13. a4 Qa5 14. Qb1 Nxd4 15. Bh5 g6 16. Bf3 g5 17. fxg5 hxg5 18. Bxg5 Ndf5 19. Bf6 Qc5+ 20. Rf2 Rxh2 21. Qb4 Rh1+ 22. Kxh1 Qxf2 23. Rb1 Ng3+ 24. Kh2 Nf1+ 25. Kh1 Bc6 26. Qxe7 Rg8 27. Qxf7 Rg3 28. Qxe6+ Bd7 29. Bg4 Bxe6 30. Bxe6+ Kc7 31. Bxd5 Rh3+ 0-1

[Event "Titled Tuesday intern op 20th Dec Early"]
[Site "Chess.com INT"]
[Date "2022.12.20"]
[Round "6"]
[White "Kriti, Mayur Patel"]
[Black "Kopacz, Grzegorz"]
[Result "0-1"]
[WhiteElo "1453"]
[BlackElo "2083"]
[PlyCount "118"]
[EventDate "2022.12.20"]
[EventType "swiss (blitz)"]
[EventRounds "11"]
[EventCountry "USA"]
[SourceTitle "EXT 2024"]
[Source "ChessBase"]
[SourceDate "2023.10.10"]
[SourceVersion "1"]
[SourceVersionDate "2023.10.10"]
[SourceQuality "1"]

1. e4 c5 2. d4 cxd4 3. c3 dxc3 4. Nxc3 Nc6 5. Nf3 e5 6. Bc4 Be7 7. Qd5 d6 8. Qxf7+ Kd7 9. Nb5 Qa5+ 10. Bd2 Qa4 11. 0-0 Nh6 12. Qxg7 Qxc4 13. Qxh8 Qxb5 14. Bxh6 b6 15. Rad1 Bb7 16. Qxh7 Qxb2 17. Bg5 Re8 18. Qf5+ Kc7 19. Qf7 Kd7 20. Bxe7 Rxe7 21. Qf5+ Kc7 22. Ng5 Qxa2 23. Ne6+ Qxe6 24. Qf3 Nd4 25. Rc1+ Kb8 26. Qc3 Ne2+ 27. Kh1 Nxc3 28. Rxc3 Bxe4 29. Rg3 Re8 30. h4 Rh8 31. Kg1 Rxh4 32. Rc1 Rg4 33. Rgc3 Rxg2+ 34. Kf1 Rg8 35. Rc7 Bd3+ 36. Ke1 Rg1+ 37. Kd2 Rxc1 38. Rxc1 Be4 39. Kc3 Qc8+ 40. Kb2 Qxc1+ 41. Kxc1 d5 42. Kd2 d4 43. Ke2 Kc7 44. f3 d3+ 45. Kd2 Bxf3 46. Kxd3 e4+ 47. Ke3 b5 48. Kd4 b4 49. Kc4 a5 50. Kb3 Kb6 51. Ka4 e3 52. Kb3 e2 53. Ka2 e1Q 54. Kb2 Qc3+ 55. Ka2 b3+ 56. Ka3 b2+ 57. Ka2 Bd5+ 58. Kb1 Be4+ 59. Ka2 b1Q# 0-1

[Event "Titled Tuesday intern op 20th Dec Early"]
[Site "Chess.com INT"]
[Date "2022.12.20"]
[Round "9"]
[White "Winkels, Marcel"]
[Black "Kopacz, Grzegorz"]
[Result "0-1"]
[WhiteElo "1965"]
[BlackElo "2083"]
[PlyCount "68"]
[EventDate "2022.12.20"]
[EventType "swiss (blitz)"]
[EventRounds "11"]
[EventCountry "USA"]
[SourceTitle "EXT 2024"]
[Source "ChessBase"]
[SourceDate "2023.10.10"]
[SourceVersion "1"]
[SourceVersionDate "2023.10.10"]
[SourceQuality "1"]

1. c4 e5 2. g3 Nf6 3. Bg2 Bc5 4. e3 Nc6 5. Ne2 d6 6. 0-0 0-0 7. a3 a5 8. Nbc3 Bf5 9. d3 Bg6 10. f4 exf4 11. gxf4 Ng4 12. d4 Bb6 13. h3 Nf6 14. Ng3 h6 15. Bd2 Re8 16. Kh2 Qd7 17. d5 Ne7 18. e4 c6 19. e5 dxe5 20. fxe5 Nh7 21. d6 Nf5 22. Qg4 h5 23. Nxh5 Rxe5 24. Bf4 Re6 25. Ng3 Nf6 26. Qf3 Nxg3 27. Bxg3 Nh5 28. Qd3 Nxg3 29. Qxg3 Rxd6 30. Qg5 Rd2 31. Rae1 Bc7+ 32. Kh1 Rxb2 33. Rg1 Re8 34. Be4 Rh2# 0-1

[Event "Titled Tuesday intern op 15th Nov Early"]
[Site "Chess.com INT"]
[Date "2022.11.15"]
[Round "6"]
[White "Kopacz, Grzegorz"]
[Black "Rostomyan, Mikayel"]
[Result "0-1"]
[WhiteElo "2083"]
[BlackElo "2219"]
[PlyCount "94"]
[EventDate "2022.11.15"]
[EventType "swiss (blitz)"]
[EventRounds "11"]
[EventCountry "USA"]
[SourceTitle "CBM 211 Extra"]
[Source "ChessBase"]
[SourceDate "2023.01.31"]
[SourceVersion "1"]
[SourceVersionDate "2023.01.31"]
[SourceQuality "1"]

1. d4 d5 2. c4 e5 3. dxe5 Ne7 4. cxd5 Qxd5 5. Qxd5 Nxd5 6. Nc3 Nb4 7. Kd1 N8c6 8. a3 Na6 9. f4 Nc5 10. b4 Nb3 11. Rb1 Be6 12. e4 0-0-0+ 13. Ke1 g6 14. Nf3 Nxc1 15. Rxc1 a5 16. b5 Nd4 17. Nxd4 Rxd4 18. b6 Bxa3 19. Rd1 Bb4 20. Rc1 Rxe4+ 21. Kf2 Rxf4+ 22. Ke3 g5 23. bxc7 Rf5 24. Nb5 Rxe5+ 25. Kf3 Bd5+ 26. Kf2 Bc6 27. Na7+ Kxc7 28. Nxc6 bxc6 29. Be2 Bc5+ 30. Kg3 Bd6 31. Bf3 c5 32. Ra1 h5 33. Kf2 g4 34. Be2 Rf5+ 35. Ke1 c4 36. Bxc4 Re8+ 37. Kd1 Bb4 38. h3 g3 39. Rc1 Kb6 40. Rc2 Rf2 41. Rxf2 gxf2 42. Rf1 Be1 43. Bxf7 Rd8+ 44. Ke2 h4 45. Bb3 Kb5 46. Ke3 Kb4 47. Be6 Re8 0-1